000 01036nam a2200277 i 4500
001 105840
003 ES-MaACL
005 20230906184005.0
007 t|
008 060901s1943 fr ||||1| fre d
080 _a946.0"1517/56"
080 _a946.0"1556/98"
100 1 _aJouvenel, Bertrand de.
_967041
245 1 2 _aL'or au temps de Charles-Quint et de Philippe II /
_cpar Bertrand de Jouvenel ; suivi de Quelques essais et mises au point par Louis de Gibourne ... [et al.].
260 _aParis :
_bSequana,
_c[1943]
300 _a188 p. ;
_c19 cm.
490 1 _aHier et demain ;
_v5
500 _aBiblioteca Juan Andrade.
651 4 _aEspaña-
_xHistoria-
_y1516-1556, Carlos I.
_98224
651 4 _aEspaña-
_xHistoria-
_y1516-1556, Carlos I-
_xAspectos económicos.
_98225
651 4 _aEspaña-
_xHistoria-
_y1556-1598, Felipe II-
_xAspectos económicos.
_98219
700 1 _aGibourne, Louis de.
_956657
830 0 _aHier et demain ;
_v5
_9232776
852 _aES-MaACL
_jAND-661
_bR.109958
999 _c105840
_d105840